Горный бубен (Запись № 5309383)

Подробности
000 -МАРКЕР
контрольное поле 01498nam0a22002771 4500
001 - ИДЕНТИФИКАТОР ЗАПИСИ
контрольное поле rc\3811130
005 - ИДЕНТИФИКАТОР ВЕРСИИ
контрольное поле 20250530060220.0
021 ## - НОМЕР ГОСУДАРСТВЕННОЙ РЕГИСТРАЦИИ
Код страны Российская Федерация
Номер [76-79097]
035 ## - ДРУГИЕ СИСТЕМНЫЕ НОМЕРА
Идентификатор записи (NLR Aleph) 007261183
100 ## - ДАННЫЕ ОБЩЕЙ ОБРАБОТКИ
Данные общей обработки 20120329d1976 |||y0rusy50 ca
101 0# - ЯЗЫК РЕСУРСА
Язык текста, звукозаписи и т.д. русский
102 ## - СТРАНА ПУБЛИКАЦИИ ИЛИ ПРОИЗВОДСТВА
Страна публикации Российская Федерация
105 ## - ПОЛЕ КОДИРОВАННЫХ ДАННЫХ: ТЕКСТОВЫЕ МАТЕРИАЛЫ, МОНОГРАФИЧЕСКИЕ
Кодированные данные о монографическом текстовом документе a z |||a|
200 1# - ЗАГЛАВИЕ И СВЕДЕНИЯ ОБ ОТВЕТСТВЕННОСТИ
Основное заглавие Горный бубен
Сведения, относящиеся к заглавию Стихотворения
Первые сведения об ответственности Баир Дугаров
Последующие сведения об ответственности [Худож. А.Б. Волошин]
210 ## - ПУБЛИКАЦИЯ, РАСПРОСТРАНЕНИЕ И ДР.
Место издания, распространения и т.д. Улан-Удэ
Имя издателя, распространителя и т. д. Бурят. кн. изд-во
Дата издания, распространения и т.д. 1976
215 ## - ФИЗИЧЕСКАЯ ХАРАКТЕРИСТИКА
Специфическое обозначение материала и объем 95 с.
Другие сведения о физической характеристике ил.
Размеры 16
327 0# - ПРИМЕЧАНИЯ О СОДЕРЖАНИИ
Текст примечания Циклы: Эй, земля, уплывающая в синеву...; Саяны, Саяны, я ваша частица...; Здесь пишутся стихи...; Волны трав тебя мне навевали...; Лицо застенчивого камня вдруг улыбнулось
464 #0 - АНАЛИТИЧЕСКИЙ УРОВЕНЬ
Встроенное поле 2001#$aЭй, земля, уплывающая в синеву...$aСаяны, Саяны, я ваша частица...$aЗдесь пишутся стихи...$aВолны трав тебя мне навевали...$aЛицо застенчивого камня вдруг улыбнулось
Заглавие Лицо застенчивого камня вдруг улыбнулось
700 #1 - ИМЯ ЛИЦА - ПЕРВИЧНАЯ ОТВЕТСТВЕННОСТЬ
Начальный элемент ввода Дугаров
Часть имени, кроме начального элемента ввода Б.С.
Даты 1947-
Расширение инициалов личного имени Баир Сономович
702 #1 - ИМЯ ЛИЦА - ВТОРИЧНАЯ ОТВЕТСТВЕННОСТЬ
Начальный элемент ввода Волошин
Часть имени, кроме начального элемента ввода А.Б.
Код отношения Иллюстратор
801 #0 - ИСТОЧНИК ЗАПИСИ
Страна Российская Федерация
Организация NLR
Правила каталогизации psbo
801 #1 - ИСТОЧНИК ЗАПИСИ
Страна Российская Федерация
Организация ELAR
Источник данных rusmarc
852 ## - МЕСТОНАХОЖДЕНИЕ И ШИФР ХРАНЕНИЯ
Идентификатор организации NLR
Шифр хранения (Call Number) 77-2/721
942 ## - ДОПОЛНИТЕЛЬНЫЕ ЭЛЕМЕНТЫ ЗАПИСИ (АБИС)
Тип экземпляра АБИС Книга
980 ## - КОЛЛЕКЦИЯ
Название коллекции Национальная библиография
Экземпляры
Тип экземпляра Дата поступления Библиотека постоянного хранения Библиотека текущего хранения Место хранения Шифр хранения Штрих-код Статус экземпляра
Книга 26.10.2013 РНБ (Московский) РНБ (Московский) Русский книжный фонд: издания с 1957 года 77-2/721 1-2346984